The chemical structure and thermal characteristics of polymers /
Guardado en:
| Autor Principal: | |
|---|---|
| Otros Autores: | |
| Formato: | Libro |
| Idioma: | English Russian |
| Publicado: |
Jerusalem :
Israel Program for Scientific Translations,
1971.
|
| Materias: | |
| Etiquetas: |
Agregar Etiqueta
Sin Etiquetas, Sea el primero en etiquetar este registro!
|
| LEADER | 01042cam a22002655a 4500 | ||
|---|---|---|---|
| 001 | EIQ.libpla000566 | ||
| 008 | 720421s1971####is#a#####b####001#0#eng#d | ||
| 005 | 20060620195250.0 | ||
| 245 | 1 | 4 | |a The chemical structure and thermal characteristics of polymers / |c V. V. Korshak ; translated from Russian by J. Schmorak. |
| 260 | |a Jerusalem : |b Israel Program for Scientific Translations, |c 1971. | ||
| 300 | |a vii, 460 p. : |b il. ; |c 25 cm. | ||
| 500 | |a Traducción de: Khimicheskoe stroenie i temperaturnye kharakteristiki polimerov. | ||
| 504 | |a Incluye referencias bibliográficas e índice. | ||
| 020 | |a 070651114X | ||
| 100 | 1 | |a Korshak, V.V. |q (Vasilii Vladimirovich) | |
| 700 | 1 | |a Schmorak, J., |e tr. |4 trl | |
| 082 | 0 | 0 | |a 547/.84 |
| 650 | 0 | |a Polímeros |x Propiedades térmicas. | |
| 650 | 0 | |a Plasticos |x Resistentes al calor. | |
| 650 | 0 | |a plastics |x Heat resistant. | |
| 650 | 0 | |a Polymers |x Thermal properties. | |
| 010 | |a 71184437 | ||
| 040 | |a DLC |c DLC |d AR-BbSID | ||
| 041 | 1 | |a eng |h rus | |
| 859 | |a AR-BbSID |b BIB. PLAPIQUI |h 541.225 |i K 4 |p 356 | ||
